=LDR 00000nam 2200000 4500 =001 INLIS000000000035524 =005 20130612141357 =008 ***********************************ind** =035 ##$$0010-061300000035524 =041 ##$$a ind =082 ##$$a 027.4 =090 ##$$a 027.4, Ped p =245 ##$$a PEDOMAN hukum penyelenggaraan Perpustakaan Umum, penyunting, Sukarman K =260 ##$$a 2000 $b Jakarta =300 ##$$a v, 55 hlm, 28 cm =650 ##$$a Perpustakaan Umum =700 ##$$a Sukarman K =850 ##$$a NBPNMAT